Les 12 grands corsaires - Statistiques

Statistiques générales
  • Ce quiz a été pris 25 fois
  • Le résultat moyen est 7 sur 12
Statistiques - réponses
Réponse % Correct
Donquixote Doflamingo
77%
Dracule Mihawk
77%
Bartholomew Kuma
73%
Sir Crocodile
73%
Boa Hancock
68%
Marshall D Teach
68%
Gecko Moria
64%
Jinbe
59%
Trafalgar D Water Law
41%
Baggy
32%
Edward Weevil
18%
Hanafuda
9%
Aucun quiz correspondant
Distribution des résultats
% des personnes avec chaque résultat
Percentile par nombre de réponses
Votre historique - résultats
Vous n’avez pas pris ce quiz